[Event "World Blitz 2025"]
[Site "Doha QAT"]
[Date "2025.12.29"]
[Round "13.86"]
[White "Motylev, Alexander"]
[Black "Wafa, Hamed"]
[Result "0-1"]
[WhiteTitle "GM"]
[BlackTitle "IM"]
[WhiteElo "2573"]
[BlackElo "2373"]
[WhiteFideId "4121830"]
[BlackFideId "10628452"]
[EventDate "2025.12.29"]

1. d4 Nf6 2. g3 c5 3. d5 b5 4. a4 b4 5. c4 d6 6. Bg2 g6 7. Nh3 Bg7 8. Ra2 O-O 9.
O-O a5 10. b3 Ra7 11. Nf4 Nbd7 12. Nd2 Re8 13. Bb2 Nf8 14. Ba1 e5 15. dxe6 Nxe6
16. Nxe6 Bxe6 17. e4 Rae7 18. h3 Bc8 19. Bb2 Bb7 20. Qa1 Nh5 21. Bxg7 Nxg7 22.
Rd1 Ne6 23. f3 Nd4 24. Qb1 Ne2+ 25. Kh2 Nc3 26. Qc2 f5 27. exf5 Re2 28. fxg6
hxg6 0-1

[Event "World Blitz 2025"]
[Site "Doha QAT"]
[Date "2025.12.29"]
[Round "13.87"]
[White "Kosakowski, Jakub"]
[Black "Galaviz Medina, Sion Radamantys"]
[Result "1-0"]
[WhiteTitle "GM"]
[BlackTitle "IM"]
[WhiteElo "2549"]
[BlackElo "2514"]
[WhiteFideId "1185080"]
[BlackFideId "5123119"]
[EventDate "2025.12.29"]

1. e4 c5 2. Nf3 Nc6 3. Bc4 e6 4. O-O a6 5. Re1 d6 6. c3 Nf6 7. Bf1 Be7 8. d4 d5
9. e5 Ne4 10. Bd3 cxd4 11. cxd4 Nb4 12. Bxe4 dxe4 13. Rxe4 b5 14. Rg4 g6 15. Bh6
Bb7 16. Nc3 Rc8 17. a3 Nd5 18. Ne4 Nb6 19. Nfg5 Na4 20. Qf3 Bxg5 21. Bxg5 Bxe4
22. Qxe4 Qd5 23. Qxd5 exd5 24. b3 Nc3 25. Kf1 O-O 26. f3 Rc6 27. Be7 Ra8 28. Bc5
a5 29. Rc1 b4 30. axb4 axb4 31. Bxb4 Rac8 32. Rf4 Nb5 33. Rxc6 Rxc6 34. Bc5 f5
35. g4 fxg4 36. fxg4 Nc7 37. Rf8+ Kg7 38. Rc8 Kf7 39. b4 Ke6 40. b5 Kd7 41.
bxc6+ Kxc8 42. Ke2 Ne6 43. Bb6 g5 44. Kd3 h6 45. Kc3 Nf4 46. Kb4 Nd3+ 47. Kb5
Nf2 48. Kc5 Nxg4 49. Kxd5 Nxh2 50. Ke6 g4 51. d5 Nf3 52. d6 Ng5+ 53. Kd5 Nf7 54.
d7+ Kb8 55. e6 1-0

[Event "World Blitz 2025"]
[Site "Doha QAT"]
[Date "2025.12.29"]
[Round "13.88"]
[White "Kuandykuly, Danis"]
[Black "Ansat, Aldiyar"]
[Result "0-1"]
[WhiteTitle "FM"]
[BlackTitle "IM"]
[WhiteElo "2372"]
[BlackElo "2479"]
[WhiteFideId "13752260"]
[BlackFideId "13715658"]
[EventDate "2025.12.29"]

1. e4 c5 2. Nf3 Nc6 3. Bb5 e6 4. O-O Nge7 5. d4 cxd4 6. Nxd4 Qb6 7. Nxc6 bxc6 8.
Be2 Ng6 9. c4 Be7 10. Nc3 O-O 11. Qc2 Qc7 12. Rd1 Rb8 13. Be3 c5 14. b3 a6 15.
Rac1 Bb7 16. Bf1 f5 17. exf5 Rxf5 18. Nd5 exd5 19. Qxf5 Rf8 20. Qc2 d4 21. Bd2
Nh4 22. Qd3 Qc6 23. Qh3 Qg6 24. Be1 Bc6 25. Rd3 Nxg2 26. Bxg2 Bxg2 27. Qg3 Qe4
28. Rxd4 cxd4 29. Qxg2 Qe2 30. Qd5+ Kh8 31. Qxd4 Rf6 32. Qd5 Rg6+ 33. Kh1 Qf1# 0-1

[Event "World Blitz 2025"]
[Site "Doha QAT"]
[Date "2025.12.29"]
[Round "13.89"]
[White "Materia, Marco"]
[Black "Suleymenov, Alisher"]
[Result "1-0"]
[WhiteTitle "IM"]
[BlackTitle "GM"]
[WhiteElo "2497"]
[BlackElo "2505"]
[WhiteFideId "45150451"]
[BlackFideId "13707833"]
[EventDate "2025.12.29"]

1. d4 Nf6 2. c4 g6 3. Nc3 d5 4. Bg5 Bg7 5. Bxf6 Bxf6 6. cxd5 c6 7. e4 O-O 8. Nf3
cxd5 9. e5 Bg7 10. Be2 Bg4 11. O-O Nc6 12. Qd2 e6 13. Rfd1 Rc8 14. Ne1 Bxe2 15.
Nxe2 Qb6 16. Rac1 Rc7 17. Rc3 Rfc8 18. Rdc1 Bf8 19. Nd3 Na5 20. Rxc7 Rxc7 21.
Rxc7 Qxc7 22. h4 h5 23. b3 Nc6 24. Ndf4 Qa5 25. Qxa5 Nxa5 26. Kf1 Bb4 27. Nd3
Bd2 28. Nc5 b6 29. Nd7 Nc6 30. Nf6+ Kg7 31. Ne8+ Kf8 32. Nd6 a6 33. Nc8 b5 34.
Nd6 Bb4 35. Nb7 Ke7 36. f4 a5 37. Kf2 Ba3 38. Ke3 Bc1+ 39. Nxc1 1-0

[Event "World Blitz 2025"]
[Site "Doha QAT"]
[Date "2025.12.29"]
[Round "13.90"]
[White "Gaehwiler, Gabriel"]
[Black "Iturrizaga Bonelli, Eduardo"]
[Result "0-1"]
[WhiteTitle "IM"]
[BlackTitle "GM"]
[WhiteElo "2382"]
[BlackElo "2592"]
[WhiteFideId "1314530"]
[BlackFideId "3901211"]
[EventDate "2025.12.29"]

1. d4 Nf6 2. Nf3 b6 3. Bf4 Bb7 4. e3 d6 5. h3 Nbd7 6. a4 a6 7. Nbd2 g6 8. Bd3 c5
9. Bh2 cxd4 10. exd4 Bh6 11. O-O O-O 12. Re1 Re8 13. c3 Qc7 14. Ne4 Nxe4 15.
Bxe4 Nf6 16. Bxb7 Qxb7 17. Re2 b5 18. Qb3 Qd7 19. Ne1 Rab8 20. Nd3 Qb7 21. Rae1
Qd7 22. axb5 axb5 23. Nc5 dxc5 24. Bxb8 c4 25. Qb4 Nd5 26. Qc5 Rxb8 27. Rxe7
Nxe7 28. Rxe7 Qf5 29. d5 Bf8 30. Qc7 Rc8 0-1

[Event "World Blitz 2025"]
[Site "Doha QAT"]
[Date "2025.12.29"]
[Round "13.91"]
[White "Gan-Erdene, Sugar"]
[Black "Mitrabha, Guha"]
[Result "0-1"]
[WhiteTitle "IM"]
[BlackTitle "GM"]
[WhiteElo "2444"]
[BlackElo "2508"]
[WhiteFideId "4902980"]
[BlackFideId "5057000"]
[EventDate "2025.12.29"]

1. e4 c6 2. Nc3 d5 3. Nf3 Bg4 4. Be2 e6 5. O-O Nd7 6. h3 Bxf3 7. Bxf3 Ngf6 8. d3
Bb4 9. Bd2 d4 10. Nb1 Qb6 11. Bxb4 Qxb4 12. Nd2 Qxb2 13. Nc4 Qb4 14. Rb1 Qc5 15.
Rxb7 O-O 16. Re1 Rfb8 17. Rxb8+ Rxb8 18. Qc1 Nb6 19. Qb2 Nfd7 20. Nxb6 Rxb6 21.
Qc1 Qc3 22. Rf1 Ne5 23. Bd1 f6 24. Bg4 Kf7 25. Bh5+ Ke7 26. f4 Nd7 27. e5 Rb2
28. Bd1 f5 29. a4 Nc5 30. Bf3 Kd7 31. a5 Kc7 32. Qa1 Rxc2 33. a6 Qxa1 34. Rxa1
Nxd3 35. Rd1 Rc1 36. Rxc1 Nxc1 37. Kf1 Nd3 38. g3 Nb4 39. Ke2 c5 40. Bb7 c4 41.
Kd2 c3+ 42. Ke2 d3+ 43. Ke3 c2 44. Kd2 Na2 0-1

[Event "World Blitz 2025"]
[Site "Doha QAT"]
[Date "2025.12.29"]
[Round "13.92"]
[White "Amin, Bassem"]
[Black "Harikrishnan, A. Ra"]
[Result "1-0"]
[WhiteTitle "GM"]
[BlackTitle "GM"]
[WhiteElo "2626"]
[BlackElo "2531"]
[WhiteFideId "10601457"]
[BlackFideId "5081483"]
[EventDate "2025.12.29"]

1. Nf3 d5 2. g3 c6 3. Bg2 Bf5 4. O-O e6 5. b3 h6 6. Bb2 Nf6 7. d3 Be7 8. Nbd2
Bh7 9. c4 O-O 10. a3 a5 11. Ra2 Na6 12. Ne5 Nd7 13. Qa1 Bf6 14. Nxd7 Bxb2 15.
Qxb2 Qxd7 16. b4 Nc7 17. bxa5 Rfb8 18. Qb4 Na6 19. Qb6 Qe7 20. Rc1 Bg6 21. h4
Bh5 22. Nb3 dxc4 23. Rxc4 Nc7 24. Qc5 Qxc5 25. Rxc5 Bg4 26. Be4 Na6 27. Rc4 e5
28. Bh7+ Kxh7 29. Rxg4 Rd8 30. Rb2 Rd5 31. Rc4 Rb5 32. a4 Rd5 33. f3 Kg8 34. g4
Kf8 35. h5 Ra7 36. Kf2 Ke7 37. Ke3 Kd8 38. Kd2 Kc7 39. e4 Rd6 40. Kc3 Nb8 41. d4
exd4+ 42. Rxd4 Rxd4 43. Kxd4 Nd7 44. e5 Ra8 45. f4 Rd8 46. Ke4 Re8 47. Kd4 Rd8
48. Kc4 Ra8 49. Rg2 b6 50. g5 bxa5 51. gxh6 Nb6+ 52. Kd4 gxh6 53. Rg7 Rd8+ 54.
Ke4 Rd7 55. Nc5 Re7 56. f5 Nd5 57. Kd4 Kb6 58. f6 Rc7 59. e6 Nxf6 60. Rxf7 Nd5
61. Nd7+ Kb7 62. Kc5 Nc3 63. Nf6 Nxa4+ 64. Kd6 1-0

[Event "World Blitz 2025"]
[Site "Doha QAT"]
[Date "2025.12.29"]
[Round "13.93"]
[White "Donchenko, Alexander"]
[Black "Morris, James"]
[Result "0-1"]
[WhiteTitle "GM"]
[BlackTitle "IM"]
[WhiteElo "2661"]
[BlackElo "2422"]
[WhiteFideId "24603295"]
[BlackFideId "3205800"]
[EventDate "2025.12.29"]

1. d4 Nf6 2. c4 d6 3. Nf3 c6 4. Nc3 Bg4 5. e3 Nbd7 6. h3 Bh5 7. g4 Bg6 8. Nh4 e5
9. Bg2 Be7 10. O-O O-O 11. b3 Re8 12. Bb2 Bf8 13. Nxg6 hxg6 14. Qc2 exd4 15.
exd4 Nb6 16. a4 a5 17. d5 cxd5 18. cxd5 Nbd7 19. Rac1 Nc5 20. Rfe1 Rxe1+ 21.
Rxe1 Nfd7 22. Nb5 Rc8 23. Qd1 Qg5 24. Bc3 b6 25. Bd2 Qf6 26. Bc3 Qg5 27. Nd4 Ne5
28. Nc6 Ncd3 29. Re3 Nf4 30. Qd4 Nxg2 31. Kxg2 Nxc6 32. dxc6 Qc5 33. Qxc5 dxc5
34. Rd3 Rxc6 35. Rd8 f6 36. Kf3 c4 37. b4 Kf7 38. bxa5 bxa5 39. Bxa5 c3 40. Ra8
c2 41. Bd2 c1=Q 42. Bxc1 Rxc1 43. Ra7+ Ke6 44. Ra8 Bc5 45. Rc8 Rc2 46. Ke4 Rc4+
47. Kd3 Rd4+ 48. Kc3 Ba7 49. Rc7 Rxa4 50. Rxg7 g5 51. Kb3 Ra6 52. f3 Bc5 53. Rc7
Ra3+ 54. Kb2 Bd6 55. Rh7 Rxf3 56. Kc2 Bg3 57. Kd2 Bh4 58. Ke2 Rxh3 59. Ra7 Bg3
60. Ra6+ Kf7 61. Kf3 Be5+ 62. Ke4 Kg6 63. Ra8 Rg3 64. Rg8+ Kf7 0-1

[Event "World Blitz 2025"]
[Site "Doha QAT"]
[Date "2025.12.29"]
[Round "13.94"]
[White "Nguyen, Ngoc Truong Son"]
[Black "Ohanyan, Emin"]
[Result "0-1"]
[WhiteTitle "GM"]
[BlackTitle "GM"]
[WhiteElo "2600"]
[BlackElo "2493"]
[WhiteFideId "12401110"]
[BlackFideId "13312022"]
[EventDate "2025.12.29"]

1. e4 c5 2. c3 d5 3. exd5 Qxd5 4. Nf3 Nc6 5. Na3 Bf5 6. d4 e6 7. Nb5 Rc8 8. Be3
a6 9. c4 Qd8 10. Nc3 cxd4 11. Nxd4 Nxd4 12. Qxd4 Qxd4 13. Bxd4 Ne7 14. Be2 Nc6
15. Bb6 Bb4 16. Rc1 Na5 17. a3 Nb3 18. Rd1 Bxc3+ 19. bxc3 Bc2 20. Rd6 Ke7 21. c5
Nxc5 22. Rd4 Rc6 23. Ba5 b6 24. Bf3 Rd6 25. Rxd6 Kxd6 26. Bxb6 Rb8 27. Bxc5+
Kxc5 28. Kd2 Bg6 29. Rd1 Rb3 30. a4 Ra3 31. h4 Rxa4 32. h5 Bf5 33. Ke3 g5 34.
Rd7 f6 35. Be2 g4 36. Bd3 0-1

[Event "World Blitz 2025"]
[Site "Doha QAT"]
[Date "2025.12.29"]
[Round "13.95"]
[White "Lodici, Lorenzo"]
[Black "Shogdzhiev, Roman"]
[Result "1-0"]
[WhiteTitle "GM"]
[BlackTitle "IM"]
[WhiteElo "2590"]
[BlackElo "2403"]
[WhiteFideId "884189"]
[BlackFideId "55653537"]
[EventDate "2025.12.29"]

1. e4 c5 2. Nc3 d6 3. Bb5+ Bd7 4. Bxd7+ Qxd7 5. d4 cxd4 6. Qxd4 Nc6 7. Qd3 Nf6
8. Bg5 e6 9. Bxf6 gxf6 10. f4 h5 11. Nge2 Be7 12. O-O-O h4 13. Qf3 O-O-O 14. Rd3
Qc7 15. Kb1 Qa5 16. Rhd1 Kb8 17. Nd4 Nxd4 18. Rxd4 Rc8 19. a3 Qc5 20. Rb4 Rc7
21. Rb5 Qc4 22. Qe3 Rhc8 23. Rb4 Qc5 24. Qe2 Qa5 25. Rd3 Rc4 26. Rxc4 Rxc4 27.
Rh3 Rc8 28. Qb5 Qxb5 29. Nxb5 f5 30. exf5 Rc5 31. Nd4 Bf6 32. c3 exf5 33. Ne2
Kc7 34. Kc2 Rc4 35. Kd3 Rc5 36. Re3 Kd7 37. Ng1 Rc8 38. Nf3 Rg8 39. Re2 Rg4 40.
Ke3 Bd8 41. Nd4 Bb6 42. Kf3 Bxd4 43. cxd4 Rg8 44. g3 hxg3 45. h3 Rc8 46. Kxg3
Rc4 47. Rd2 Rc1 48. h4 Rg1+ 49. Rg2 Rh1 50. Rh2 Rg1+ 51. Kf3 Rf1+ 52. Kg3 Rg1+
53. Kf2 Rb1 54. Ke3 Re1+ 55. Kd3 Rd1+ 56. Kc4 Kc6 57. h5 d5+ 58. Kc3 Re1 59. h6
Re8 60. h7 Rh8 61. Rh6+ Kc7 62. Kb4 b6 63. Kb5 Kb7 64. a4 f6 65. a5 a6+ 66. Kb4
bxa5+ 67. Kxa5 Ka7 68. Kb4 1-0

[Event "World Blitz 2025"]
[Site "Doha QAT"]
[Date "2025.12.29"]
[Round "13.96"]
[White "Rodrigue-Lemieux, Shawn"]
[Black "Gharibyan, Mamikon"]
[Result "1/2-1/2"]
[WhiteTitle "GM"]
[BlackTitle "GM"]
[WhiteElo "2517"]
[BlackElo "2491"]
[WhiteFideId "2620049"]
[BlackFideId "13308300"]
[EventDate "2025.12.29"]

1. e4 e6 2. d4 d5 3. Nd2 c5 4. exd5 exd5 5. Bb5+ Bd7 6. Bxd7+ Nxd7 7. Ngf3 Ngf6
8. O-O Be7 9. dxc5 Nxc5 10. Nb3 Nce4 11. Bf4 O-O 12. c3 b5 13. a3 Qb6 14. Nbd4
a5 15. Be3 Qb7 16. Nf5 Bd8 17. Re1 Re8 18. N3d4 Bc7 19. g3 b4 20. cxb4 axb4 21.
a4 Be5 22. a5 g6 23. Nh4 Nd7 24. Nhf3 Bf6 25. Qe2 Ndc5 26. Rec1 Ra6 27. Qc2 Rea8
28. Nb3 Nxb3 29. Qxb3 Rxa5 30. Rxa5 Rxa5 31. h4 h5 32. Rd1 Qb5 33. Kg2 Qc4 34.
Qxc4 dxc4 35. Rc1 c3 36. bxc3 Bxc3 37. Nd4 Kg7 38. Nc6 Ra6 39. Nxb4 Bxb4 40. Rc4
Nxg3 41. fxg3 Be7 42. Bd4+ f6 43. Rc7 Kf7 44. Bc5 Re6 45. Kf3 Re5 46. Bd6 Re6
47. Bc5 Ke8 48. Bxe7 Rxe7 49. Rc6 Kf7 50. Ra6 Rd7 51. Rb6 Ke7 52. Ra6 Rd6 53.
Ra5 Ke6 54. Rb5 Rd5 55. Rb8 Kf5 56. Rb3 Re5 57. Ra3 Rb5 58. Rc3 Ke5 59. Ra3 Rd5
60. Rb3 Kf5 61. Ra3 g5 62. hxg5 fxg5 63. g4+ hxg4+ 64. Kg3 Rc5 65. Rb3 Rd5 66.
Ra3 1/2-1/2

[Event "World Blitz 2025"]
[Site "Doha QAT"]
[Date "2025.12.29"]
[Round "13.69"]
[White "Vetokhin, Savva"]
[Black "Harshavardhan, G B"]
[Result "1-0"]
[WhiteTitle "GM"]
[BlackTitle "IM"]
[WhiteElo "2572"]
[BlackElo "2477"]
[WhiteFideId "44144474"]
[BlackFideId "25059009"]
[EventDate "2025.12.29"]

1. d4 Nf6 2. c4 e6 3. Nc3 Bb4 4. e3 c5 5. Ne2 cxd4 6. exd4 d5 7. c5 e5 8. a3
Bxc3+ 9. Nxc3 exd4 10. Qxd4 Nc6 11. Bb5 O-O 12. Bxc6 bxc6 13. O-O Re8 14. f3 Ba6
15. Rd1 Bc4 16. Bf4 Qc8 17. Re1 Qf5 18. Be5 Re6 19. Bxf6 Qxf6 20. Qxf6 gxf6 21.
Kf2 Kg7 22. Ne2 Bxe2 23. Rxe2 a5 24. b3 f5 25. Rb1 Rb8 26. b4 axb4 27. axb4
Rxe2+ 28. Kxe2 Kf6 29. Kd3 Ra8 30. Rb3 Ra2 31. f4 Ke6 32. g3 Rxh2 33. Ra3 Rb2
34. Kc3 Rg2 35. Ra6 Rxg3+ 36. Kd4 Kd7 37. Ra7+ Kc8 38. Rxf7 Rb3 39. Ke5 Rxb4 40.
Kd6 Rxf4 41. Kxc6 Kb8 42. Kd7 Rc4 43. c6 d4 44. Rf8+ Ka7 45. c7 d3 46. c8=Q Rxc8
47. Kxc8 Kb6 48. Rd8 Kc5 49. Rxd3 h5 50. Kd7 Kc4 51. Rf3 Kd4 52. Rxf5 1-0

[Event "World Blitz 2025"]
[Site "Doha QAT"]
[Date "2025.12.29"]
[Round "13.70"]
[White "Rakotomaharo, Fy Antenaina"]
[Black "Ganguly, Surya Shekhar"]
[Result "0-1"]
[WhiteTitle "IM"]
[BlackTitle "GM"]
[WhiteElo "2434"]
[BlackElo "2568"]
[WhiteFideId "13100050"]
[BlackFideId "5002150"]
[EventDate "2025.12.29"]

1. e4 e5 2. Nf3 Nc6 3. Bb5 a6 4. Ba4 Nf6 5. d3 d6 6. c3 Bd7 7. O-O g6 8. Re1 Bg7
9. Nbd2 O-O 10. Bc2 a5 11. a4 Nh5 12. Nc4 f5 13. exf5 Bxf5 14. Bg5 Qd7 15. Ne3
Be6 16. d4 exd4 17. Nxd4 Nxd4 18. cxd4 d5 19. h3 Nf4 20. Ng4 Bxg4 21. hxg4 Ne6
22. Be3 Rf7 23. Qd2 Nd8 24. f3 Nc6 25. Bf2 Re8 26. Rxe8+ Qxe8 27. Bb3 Nb4 28.
Re1 Re7 29. Rxe7 Qxe7 30. Kf1 c6 31. Qe2 Kf7 32. Qxe7+ Kxe7 33. Ke2 Kd6 34. Be3
b6 35. Kd2 c5 36. Bf4+ Kc6 37. dxc5 bxc5 38. Bg3 Bxb2 39. f4 c4 40. Bd1 c3+ 41.
Ke3 d4+ 42. Kxd4 0-1

[Event "World Blitz 2025"]
[Site "Doha QAT"]
[Date "2025.12.29"]
[Round "13.71"]
[White "Sahidi, Samir"]
[Black "Meng, Yihan"]
[Result "0-1"]
[WhiteTitle "IM"]
[BlackTitle "IM"]
[WhiteElo "2516"]
[BlackElo "2456"]
[WhiteFideId "14936372"]
[BlackFideId "8631891"]
[EventDate "2025.12.29"]

1. e4 e6 2. d4 d5 3. Nc3 Nf6 4. e5 Nfd7 5. f4 c5 6. Nf3 Nc6 7. Be3 a6 8. Qd2 b5
9. Be2 Qb6 10. dxc5 Bxc5 11. Bxc5 Nxc5 12. Qe3 b4 13. Nd1 O-O 14. Nf2 a5 15. O-O
Ba6 16. Nd3 Bxd3 17. cxd3 Rfc8 18. Rfc1 Na4 19. Qxb6 Nxb6 20. Bd1 Kf8 21. Rc2
Ne7 22. Rac1 Rxc2 23. Rxc2 Rc8 24. Rxc8+ Nexc8 25. Nd4 Ne7 26. Kf2 Ke8 27. g4
Kd7 28. Ke3 Nc6 29. Nf3 h6 30. h4 g6 31. b3 d4+ 32. Kf2 Nd5 33. Kg3 Nc3 34. Bc2
Nxa2 35. Nd2 Nc3 36. Nc4 Ne7 37. Nxa5 Ned5 38. Nc4 Ne3 39. Nxe3 dxe3 40. Kf3 e2
41. Kf2 Kc6 42. d4 Kd5 43. g5 h5 44. Ke1 Kxd4 45. f5 exf5 46. Bxf5 Kxe5 47. Bd7
f6 48. gxf6 Kxf6 49. Be8 g5 50. hxg5+ Kxg5 51. Kf2 h4 52. Bd7 Kf4 53. Bc8 Ke4
54. Be6 Kd3 55. Ke1 Ke3 56. Bg4 Kf4 57. Bd7 Kg3 58. Be6 h3 59. Bd7 Kg2 60. Bc6+
Kg1 0-1

[Event "World Blitz 2025"]
[Site "Doha QAT"]
[Date "2025.12.29"]
[Round "13.72"]
[White "Bilguun, Sumiya"]
[Black "Halkias, Stelios"]
[Result "1-0"]
[WhiteTitle "GM"]
[BlackTitle "GM"]
[WhiteElo "2442"]
[BlackElo "2503"]
[WhiteFideId "4901541"]
[BlackFideId "4201809"]
[EventDate "2025.12.29"]

1. e4 c5 2. Nc3 Nc6 3. Bb5 Nd4 4. Nf3 e6 5. O-O a6 6. Bd3 Nc6 7. b3 d6 8. Bb2
Nf6 9. Re1 Be7 10. e5 dxe5 11. Nxe5 Nxe5 12. Rxe5 O-O 13. Qf3 h6 14. Rae1 Ra7
15. Ne4 Nd7 16. Rh5 f5 17. Bxg7 Kxg7 18. Qg3+ Kf7 19. Rxh6 Rg8 20. Rh7+ Kf8 21.
Qf4 Bg5 22. Nxg5 Rxg5 23. Rh8+ Rg8 24. Qh6+ Ke7 25. Qxe6+ 1-0

[Event "World Blitz 2025"]
[Site "Doha QAT"]
[Date "2025.12.29"]
[Round "13.73"]
[White "Tran, Thanh Tu"]
[Black "Karthik, Venkataraman"]
[Result "0-1"]
[WhiteTitle "IM"]
[BlackTitle "GM"]
[WhiteElo "2402"]
[BlackElo "2589"]
[WhiteFideId "12401404"]
[BlackFideId "25006479"]
[EventDate "2025.12.29"]

1. d4 d6 2. Nf3 Nf6 3. g3 g6 4. Bg2 Bg7 5. O-O O-O 6. c4 c6 7. Nc3 Bf5 8. b3 Ne4
9. Bb2 Nxc3 10. Bxc3 Be4 11. Qd2 e6 12. Rfd1 d5 13. Bf1 Bxf3 14. exf3 Nd7 15. a4
Nf6 16. a5 a6 17. h4 Qd7 18. Qe3 Rfd8 19. Rd2 Rac8 20. Rad1 Qe7 21. c5 Ne8 22.
f4 Nf6 23. Bg2 Rf8 24. Re1 Rce8 25. Rde2 Qd8 26. Qd3 Re7 27. Bf3 Ne8 28. Kg2 Nc7
29. h5 Nb5 30. Rh1 Rfe8 31. Ree1 Rd7 32. Rh2 Qf6 33. Re5 Qe7 34. Re1 Qf8 35. b4
Bf6 36. hxg6 hxg6 37. Reh1 Qg7 38. Rh8+ Qxh8 39. Rxh8+ Kxh8 40. Be2 Kg7 41. Bb2
Rh8 42. Qd1 Nc7 43. Bc1 Rdd8 44. Be3 Rh7 45. Bf3 Rdh8 46. Qg1 Rh1 47. Qxh1 Rxh1
48. Kxh1 Nb5 49. Be2 Nxd4 50. Bd1 Nb5 0-1

[Event "World Blitz 2025"]
[Site "Doha QAT"]
[Date "2025.12.29"]
[Round "13.74"]
[White "Davtyan, Artur"]
[Black "Kobalia, Mikhail"]
[Result "0-1"]
[WhiteTitle "IM"]
[BlackTitle "GM"]
[WhiteElo "2474"]
[BlackElo "2537"]
[WhiteFideId "13308327"]
[BlackFideId "4119150"]
[EventDate "2025.12.29"]

1. e4 c5 2. Nc3 Nc6 3. Bb5 Nd4 4. Bc4 e6 5. Nge2 Ne7 6. O-O Nec6 7. Nxd4 Nxd4 8.
d3 Be7 9. f4 O-O 10. a4 b6 11. Ba2 Bb7 12. Be3 Nc6 13. e5 Nb4 14. Bb3 d5 15.
exd6 Qxd6 16. Qe2 Rad8 17. Rad1 Qc7 18. f5 exf5 19. Rxf5 g6 20. Nb5 Qd7 21. Rf2
Bd5 22. Bxd5 Nxd5 23. Bh6 Rfe8 24. Qf3 f5 25. Re2 Bf6 26. Rxe8+ Rxe8 27. Nxa7
Bxb2 28. Nb5 Bg7 29. Bd2 h5 30. Re1 Rxe1+ 31. Bxe1 Kh7 32. Bd2 Qe6 33. h3 Nb4
34. Bxb4 cxb4 35. Kf1 Qa2 36. Qd1 Qxa4 37. Nd6 b3 38. Nf7 bxc2 39. Ng5+ Kg8 40.
Qc1 Qa1 0-1

[Event "World Blitz 2025"]
[Site "Doha QAT"]
[Date "2025.12.29"]
[Round "13.75"]
[White "Musovic, Armin"]
[Black "Bjerre, Jonas Buhl"]
[Result "0-1"]
[WhiteTitle "FM"]
[BlackTitle "GM"]
[WhiteElo "2190"]
[BlackElo "2623"]
[WhiteFideId "939935"]
[BlackFideId "1444948"]
[EventDate "2025.12.29"]

1. a3 e5 2. d4 exd4 3. Qxd4 Nc6 4. Qa4 Nf6 5. Nc3 a6 6. Bg5 Be7 7. O-O-O d6 8.
e3 Bd7 9. Bxf6 Bxf6 10. Nd5 O-O 11. Nf3 b5 12. Qf4 Be5 13. Nxe5 Nxe5 14. Qg3 c6
15. Nf4 Qe7 16. Nh5 g6 17. f4 Ng4 18. h3 Qxe3+ 19. Qxe3 Nxe3 20. Rxd6 Be6 21.
Nf6+ Kg7 22. Ng4 Bxg4 23. hxg4 Rad8 24. Rxd8 Rxd8 25. Be2 Nxg2 26. Bf3 Nxf4 27.
Bxc6 Nd3+ 28. Kb1 Ne5 29. Bb7 a5 30. g5 Rd7 31. Ba6 Rd5 32. Bb7 Rc5 33. Rd1 Nc4
34. Rd7 Rxg5 35. Bd5 Ne5 36. Ra7 h5 37. Rxa5 h4 38. Ra7 h3 39. c4 bxc4 40. a4 h2
41. a5 Nd7 42. Bc6 Nc5 43. a6 Rg1+ 44. Kc2 h1=Q 45. Bxh1 Rxh1 46. Kc3 Ra1 47.
Kxc4 Rxa6 48. Rc7 Ne6 49. Rc8 g5 50. b4 Ra1 51. Kb3 Rb1+ 52. Ka3 g4 53. Rc3 f5
54. Rc4 g3 55. Ka2 Rf1 56. b5 g2 57. b6 g1=Q 58. b7 Qg2+ 0-1

[Event "World Blitz 2025"]
[Site "Doha QAT"]
[Date "2025.12.29"]
[Round "13.76"]
[White "Le, Tuan Minh"]
[Black "Balakrishnan, Praveen"]
[Result "1-0"]
[WhiteTitle "GM"]
[BlackTitle "GM"]
[WhiteElo "2598"]
[BlackElo "2507"]
[WhiteFideId "12401153"]
[BlackFideId "2064871"]
[EventDate "2025.12.29"]

1. d4 Nf6 2. Nf3 d5 3. Bf4 e6 4. e3 Bd6 5. Nbd2 O-O 6. Bd3 Bxf4 7. exf4 b6 8.
Qe2 a5 9. O-O c5 10. c3 Ba6 11. Bxa6 Nxa6 12. Rfe1 Qc7 13. g3 Nb8 14. Rad1 Nc6
15. Nf1 c4 16. Ne3 g6 17. Ne5 b5 18. Qf3 Ne7 19. N3g4 Nxg4 20. Nxg4 b4 21. h4 h5
22. Ne5 f6 23. Nxg6 Nxg6 24. Rxe6 Qg7 25. Kh2 bxc3 26. bxc3 Rad8 27. Rde1 f5 28.
Qxh5 Rf6 29. Qg5 Rdf8 30. h5 Nh8 31. Rxf6 Rxf6 32. Re5 Nf7 33. Qxg7+ Kxg7 34.
Rxd5 Nd6 35. f3 Re6 36. Kh3 Kf6 37. Kh4 a4 38. g4 a3 39. g5+ Kf7 40. Kg3 Ke7 41.
h6 Kf7 42. Ra5 Re1 43. Ra7+ Kg8 44. Rxa3 Nb5 45. Ra4 Nxc3 46. Rxc4 Nd5 47. Rc5
Ne7 48. Re5 Rxe5 49. fxe5 Nc6 50. e6 Nxd4 51. e7 f4+ 52. Kg4 Kf7 53. h7 1-0

[Event "World Blitz 2025"]
[Site "Doha QAT"]
[Date "2025.12.29"]
[Round "13.97"]
[White "Christiansen, Johan-Sebastian"]
[Black "Sankalp, Gupta"]
[Result "0-1"]
[WhiteTitle "GM"]
[BlackTitle "GM"]
[WhiteElo "2655"]
[BlackElo "2557"]
[WhiteFideId "1512668"]
[BlackFideId "5097010"]
[EventDate "2025.12.29"]

1. e4 e6 2. d4 d5 3. Nc3 Nf6 4. e5 Nfd7 5. Nce2 c5 6. c3 Nc6 7. Nf3 a5 8. h4 a4
9. g3 cxd4 10. cxd4 Bb4+ 11. Bd2 Qb6 12. h5 a3 13. b3 O-O 14. Bh3 Kh8 15. h6 g6
16. O-O f6 17. Bxb4 Nxb4 18. Nf4 fxe5 19. Nxe6 Rf6 20. Nfg5 Nf8 21. Nxf8 Bxh3
22. Nxh3 Raxf8 23. dxe5 Rf3 24. Kg2 Nd3 25. Qe2 Qe6 26. Ng1 Rxf2+ 27. Rxf2 Rxf2+
28. Qxf2 Nxf2 29. Kxf2 Qxe5 30. Re1 Qd4+ 31. Kf1 Qd3+ 32. Re2 Kg8 33. Kf2 Qd4+
34. Kg2 Qd1 35. Kf2 d4 36. Nf3 d3 37. Rd2 Qb1 38. Ne5 Qc1 39. Nc4 b5 0-1

[Event "World Blitz 2025"]
[Site "Doha QAT"]
[Date "2025.12.29"]
[Round "13.99"]
[White "Kadric, Denis"]
[Black "Raja, Rithvik R"]
[Result "0-1"]
[WhiteTitle "GM"]
[BlackTitle "GM"]
[WhiteElo "2543"]
[BlackElo "2541"]
[WhiteFideId "14403803"]
[BlackFideId "35007394"]
[EventDate "2025.12.29"]

1. e4 c5 2. Nc3 d6 3. f4 Nc6 4. Nf3 g6 5. Bb5 Bg7 6. Bxc6+ bxc6 7. O-O Nf6 8. d3
O-O 9. Qe1 d5 10. e5 Ne8 11. Na4 c4 12. b3 Nc7 13. Be3 Ne6 14. dxc4 dxc4 15. Qc3
cxb3 16. cxb3 Ba6 17. Rfd1 Qc7 18. Nd4 Nxd4 19. Bxd4 Rfd8 20. Rac1 Bh6 21. g3
Rd5 22. Be3 Rxd1+ 23. Rxd1 Be2 24. Rd2 Bg4 25. Nc5 Bf3 26. Rd7 Qc8 27. f5 Bg7
28. Bg5 Bg4 29. Bxe7 Bxf5 30. Rd8+ Qxd8 31. Bxd8 Rxd8 32. Qa5 Rd5 33. Qxa7 Bxe5
34. b4 Rd2 35. a4 Bd4+ 36. Kf1 Bh3+ 37. Ke1 Bc3 38. Qa5 Rb2+ 39. Kd1 Bg4+ 40.
Kc1 Bf5 41. Qd8+ Kg7 42. Nd7 Rb1# 0-1